000 00503nam a2200169Ia 4500
999 _c29513
_d29513
003 OSt
005 20201202122016.0
008 190216s9999||||xx |||||||||||||| ||und||
040 _coclc
082 _a894.8123
_bPUS/B
100 _aPushpanath, Kottayam
_96543
245 0 _aBest Thrillers Of Kottayam Pushpanath /
_cKottayam Pushpanath
260 _bC I C C Book House.
_aKochi:
300 _a290p
650 _aMalayalam
942 _cBK
_2ddc
_h894.8123
_iPUS/B
_k894.8123
_mPUS/B